| Tag |
First Indicator |
Second Indicator |
Subfields |
| LEADER |
00000cam a22000004a 4500 |
| 001 |
in00001663212 |
| 005 |
20151024121152.0 |
| 008 |
010619s2002 ctua b 001 0 eng |
| 010 |
|
|
|a 2001041799
|
| 020 |
|
|
|a 1567204163 (alk. paper)
|
| 035 |
|
|
|a (OCoLC)ocm47182323
|
| 040 |
|
|
|a DLC
|c DLC
|d C#P
|d TXA
|d UtOrBLW
|
| 042 |
|
|
|a pcc
|
| 049 |
|
|
|a TXAM
|
| 050 |
0 |
0 |
|a HF5686.I56
|b R528 2002
|
| 082 |
0 |
0 |
|a 658.15/99
|2 21
|
| 100 |
1 |
|
|a Riahi-Belkaoui, Ahmed,
|d 1943-
|
| 245 |
1 |
0 |
|a International financial and managerial accounting /
|c Ahmed Riahi-Belkaoui.
|
| 264 |
|
1 |
|a Westport, Conn. :
|b Quorum Books,
|c 2002.
|
| 300 |
|
|
|a xiv, 389 pages :
|b illustrations ;
|c 25 cm.
|
| 336 |
|
|
|a text
|b txt
|2 rdacontent
|
| 337 |
|
|
|a unmediated
|b n
|2 rdamedia
|
| 338 |
|
|
|a volume
|b nc
|2 rdacarrier
|
| 504 |
|
|
|a Includes bibliographical references and index.
|
| 650 |
|
0 |
|a International business enterprises
|x Finance.
|
| 650 |
|
0 |
|a Accounting.
|
| 650 |
|
0 |
|a Managerial accounting.
|
| 994 |
|
|
|a E0
|b TXA
|
| 948 |
|
|
|a cataloged
|b h
|c 2002/2/27
|d c
|e bwalker
|f 8:23:31 am
|
| 999 |
|
|
|a MARS
|
| 999 |
f |
f |
|s d2badbc2-e979-374f-af17-60dc9eed5bcb
|i fc5153c2-c480-3995-ac18-ef0fbdcbb646
|t 0
|
| 952 |
f |
f |
|p ric
|a Texas A&M University
|b Rellis Campus
|c Joint Library Facility
|d Remote Storage
|t 0
|e HF5686.I56 R528 2002
|h Library of Congress classification
|i unmediated -- volume
|m A14828469128
|
| 998 |
f |
f |
|a HF5686.I56 R528 2002
|t 0
|l Remote Storage
|